[Event "45th Sitges Open 2019"]
[Site "Sitges"]
[Date "2019.07.24"]
[Round "3.3"]
[White "Volkov, Sergey"]
[Black "Herrera, Juan Sebastian"]
[Result "1-0"]
[WhiteElo "2548"]
[BlackElo "2353"]
[Annotator "TA"]
[PlyCount "69"]
[EventDate "2019.07.21"]
[EventType "swiss"]
[EventCountry "ESP"]
[SourceTitle "playchess.com"]
[Source "ChessBase"]
[SourceQuality "1"]

{[%evp 18,69,24,10,43,29,50,30,62,26,42,23,80,75,83,78,75,80,81,81,92,96,102,94,89,94,97,87,112,112,114,105,103,100,106,104,263,246,252,255,239,236,221,208,221,220,12437,12437,29989,29990,29990,29991,29997,29998]} 1. d4 Nf6 2. Nf3 e6 3. c4 b6 4. g3 Ba6 5. b3 Bb4+ 6. Bd2 Be7 7. Bg2 O-O 8. O-O d5 9. cxd5 exd5 10. Nc3 Ne4 {E15: Queen's Indian: 4 g3 sidelines, 4 g3 Ba6 and 4 g3 Bb7 early deviations} (10... Re8 11. Rc1 Bb7 12. Bf4 c5 13. Ne5 Bf8 14. e3 Na6 15. h4 Nc7 16. g4 Ne6 17. Bg3 cxd4 18. exd4 Rc8 {½-½ (31) Fridman,D (2633)-Le,Q (2714) St Petersburg 2018}) 11. Ne5 Bb7 12. Rc1 c5 $146 {White has an edge.} ({Predecessor:} 12... Nxd2 13. Qxd2 a5 14. e4 f6 15. exd5 fxe5 16. d6 Bxg2 17. dxe7 Qxe7 18. Kxg2 Nc6 19. dxe5 {½-½ (35) Smotrytsky,O (2057)-McDermott,F (2141) ICCF email 2016}) 13. Be3 Bf6 14. Ng4 Bxd4 (14... Nxc3 $11 15. Rxc3 (15. Nxf6+ Qxf6 16. Rxc3 Nc6 $11) 15... Nc6) 15. Bxd4 $16 cxd4 16. Qxd4 Nc6 {[#]} 17. Qd1 $1 Nxc3 18. Rxc3 Qg5 {[#]} 19. Ne3 $1 ({Much weaker is} 19. Bxd5 Rad8 $11) 19... d4 20. Bxc6 Bxc6 21. Qxd4 Rad8 22. Qg4 Qf6 23. Rfc1 Bb5 24. Qh5 Ba6 25. Nd5 Qd6 26. e4 f5 $2 (26... Bb7 $16) 27. Rc6 $18 Qe5 28. Rc7 Rde8 29. Qh4 Rf7 30. Rxf7 Kxf7 31. Qxh7 {And now Rc7+ would win.} Qxe4 $2 (31... Rc8 32. Qh5+ g6 33. Qh7+ Qg7 34. Rxc8 Bxc8 35. Qxg7+ Kxg7) 32. Rc7+ {[%mdl 64] Double Attack} Ke6 33. Qg6+ {[%mdl 64] Double Attack. White mates.} Kxd5 34. Qc6+ Kd4 35. Rd7+ {Accuracy: White = 63%, Black = 33%.} 1-0

[Event "45th Sitges Open 2019"]
[Site "Sitges"]
[Date "2019.07.24"]
[Round "3.4"]
[White "Lopez Gonzalez, Abel Fabian"]
[Black "Munoz, Miguel"]
[Result "0-1"]
[WhiteElo "2355"]
[BlackElo "2511"]
[Annotator "TA"]
[PlyCount "94"]
[EventDate "2019.07.21"]
[EventType "swiss"]
[EventCountry "ESP"]
[SourceTitle "playchess.com"]
[Source "ChessBase"]
[SourceQuality "1"]

{[%evp 11,94,32,32,40,42,47,80,34,35,-9,2,-59,-59,-56,-67,-54,-57,-71,-52,-62,-35,-44,-50,-25,-30,-47,-28,-38,0,-87,-81,-109,0,0,0,-27,-35,-262,-98,-280,-287,-264,-252,-238,-254,-328,-348,-347,-344,-322,-327,-421,-412,-426,-431,-426,-421,-404,-399,-564,-537,-569,-568,-564,-560,-535,-529,-589,-588,-701,-595,-587,-566,-735,-727,-1420,-694,-5322,-693,-5314,-5206,-2319,-958,-862,-862]} 1. e4 d5 2. exd5 Qxd5 3. Nc3 Qa5 4. d4 Nf6 5. Bc4 Bg4 6. Nge2 Nc6 7. Bd2 {Hoping for Nd5. B01: Scandinavian Defence} (7. O-O O-O-O 8. Be3 e5 9. d5 Nb4 10. Bg5 c6 11. a3 Nbxd5 12. Nxd5 cxd5 13. Bb3 h6 14. Bxf6 gxf6 15. Qe1 Qxe1 16. Rfxe1 {1-0 (49) Harikrishna,P (2744)-Ivanchuk,V (2726) Huaian 2017}) 7... O-O-O 8. f3 ({But not} 8. Bxf7 Nxd4 9. Bc4 Qb6 $17) 8... Be6 9. Bxe6+ {White is better.} fxe6 10. O-O (10. Ne4 $5 {[%cal Rd2a5]} Qf5 11. N2g3 $11) 10... e5 11. d5 $146 (11. dxe5 $1 $11 Nxe5 12. Qe1) ({Predecessor:} 11. dxe5 Nxe5 12. b3 e6 13. a3 Bc5+ 14. Kh1 Be3 15. Bxe3 Rxd1 16. Rfxd1 {0-1 (30) Martin Hernandez,J (1974)-Hernando Rodrigo,J (2375) La Laguna 2007}) 11... Nxd5 $15 12. Qc1 Qb6+ 13. Kh1 e6 14. Ne4 Be7 15. c3 Qa6 16. Re1 Qd3 17. Bg5 Nf6 18. N2g3 h6 19. Be3 h5 20. Ng5 (20. Nf2 $11 {keeps the balance.} Qg6 21. Qb1 Qxb1 22. Raxb1) 20... h4 $17 21. Nf1 h3 (21... Qf5 $17 22. Nf7 h3 23. Nxd8 hxg2+ 24. Kxg2 Nxd8) 22. Nxh3 $11 {[#]} Rxh3 $1 {[%mdl 512]} 23. gxh3 Qf5 $36 {[%mdl 2048] Black fights for an advantage.} 24. Ng3 $2 (24. Re2 $1 $15) 24... Qxf3+ $19 25. Kg1 {[#]} Rd3 $1 26. c4 Ne4 27. Nxe4 Qxe4 28. Qc2 Bg5 {[%mdl 64] Decoy} 29. Bxg5 Rg3+ $1 {[%mdl 64] Discovered Attack} 30. hxg3 Qxc2 31. Be3 e4 32. Rf1 Ne5 33. Rf8+ Kd7 34. Rf2 Qd3 35. Rd2 (35. Re1 {was forced.} Nf3+ 36. Rxf3 exf3 37. Kf2) 35... Nf3+ {[%mdl 64] Double Attack. Black is clearly winning.} 36. Kf2 Nxd2 37. Rd1 Qxc4 38. Rxd2+ {[%mdl 4096] Endgame KQ-KRB} Ke8 39. b3 Qc3 40. Rd4 Qc2+ 41. Rd2 Qb1 42. Bf4 Qh1 43. Ke3 g5 (43... Qf3+ $142 44. Kd4 {[#]} c5+ $1 {[%mdl 512]} 45. Kc4 e3) 44. Bxg5 Qf3+ {[%mdl 64] Double Attack} 45. Kd4 {[#]} c5+ $1 46. Kc4 (46. Kxc5 Qf5+) 46... e3 (46... Qf1+ $142 47. Kxc5 Qf5+ {[%mdl 64] Double Attack} 48. Kb4 Qxg5) 47. Rd8+ Kf7 {Accuracy: White = 52%, Black = 62%.} 0-1

[Event "45th Sitges Open 2019"]
[Site "Sitges"]
[Date "2019.07.24"]
[Round "3.5"]
[White "Pogorelov, Ruslan"]
[Black "Berdayes Ason, Dylan Isidro"]
[Result "1/2-1/2"]
[WhiteElo "2347"]
[BlackElo "2461"]
[Annotator "TA"]
[PlyCount "87"]
[EventDate "2019.07.21"]
[EventType "swiss"]
[EventCountry "ESP"]
[SourceTitle "playchess.com"]
[Source "ChessBase"]
[SourceQuality "1"]

{[%evp 11,87,0,20,20,18,10,21,0,0,-2,31,-6,27,27,40,34,57,64,85,7,7,7,7,7,7,5,10,16,13,-2,-2,-6,-6,-6,-9,-8,0,0,0,0,0,-1,0,0,0,0,6,8,693,692,1336,64,110,45,59,10,120,7,73,0,0,0,0,0,0,0,8,8,21,0,0,0,0,0,0,0,0,0]} 1. Nf3 c5 2. c4 Nc6 3. d4 cxd4 4. Nxd4 Nf6 5. Nc3 e6 6. a3 Bc5 7. Nb3 {A33: Symmetrical English: 2 Nf3 Nf6 3 d4 cxd4 4 Nxd4 e6 5 Nc3 Nc6} Bb6 8. c5 Bc7 9. g3 b6 10. Bg2 Rb8 $146 ({Predecessor:} 10... bxc5 11. Nxc5 O-O 12. O-O Qe7 13. Nb5 Bxg3 14. hxg3 Qxc5 {½-½ (32) Lenic,L (2624)-Borisek,J (2576) Bled 2016}) 11. O-O Ba6 12. Qc2 Qe7 13. Bg5 h6 14. Bxf6 $1 Qxf6 15. Ne4 (15. Rfd1 $16) 15... Qe7 $11 16. Nd6+ Bxd6 17. cxd6 Qxd6 18. Rfd1 Qc7 19. Nd4 {[%cal Rd4c6]} O-O 20. Rac1 Bb7 21. Qa4 Qe5 22. Nxc6 Bxc6 23. Bxc6 dxc6 24. Rc2 Rbd8 25. Rxd8 Rxd8 26. Qxc6 {[%mdl 4096] Endgame KQR-KQR} Rd1+ 27. Kg2 Rb1 28. Qf3 {Black must now prevent Rc8+.} g6 29. Rd2 Rxb2 $2 {[%mdl 8192] [#]} (29... Kg7 $11) 30. Rd7 $1 $18 {[%csl LRa7,LRf7][%mdl 512]} Qg7 31. Rxa7 $2 (31. Qa8+ $18 Kh7 32. Qe8) 31... Rd2 32. Qa8+ ({White should try} 32. Ra8+ $16 Kh7 33. Rb8) 32... Qf8 $1 $14 33. Qc6 Rd6 (33... Qc5 $11 {remains equal.} 34. Qa8+ Qf8) 34. Qc3 (34. Qc7 $16) 34... Rd5 {[#]} (34... Qb8 $11 35. Rc7 Qf8) 35. Rc7 ({White should play} 35. Qc7 $1 $16) 35... Rc5 $11 {The position is equal.} 36. Rxc5 bxc5 {KQ-KQ} 37. f3 Qd6 38. Qc4 Kf8 39. a4 {With the idea a5.} Qb6 40. Kf2 Ke7 41. Ke3 Kd6 42. Qf4+ Ke7 43. Qc4 Kd6 44. Ke4 {Accuracy: White = 46%, Black = 41%.} 1/2-1/2

[Event "45th Sitges Open 2019"]
[Site "Sitges"]
[Date "2019.07.24"]
[Round "3.6"]
[White "Cu Hor, Winston Darwin"]
[Black "Sturt, Raven"]
[Result "1/2-1/2"]
[WhiteElo "2335"]
[BlackElo "2429"]
[Annotator "TA"]
[PlyCount "87"]
[EventDate "2019.07.21"]
[EventType "swiss"]
[EventCountry "ESP"]
[SourceTitle "playchess.com"]
[Source "ChessBase"]
[SourceQuality "1"]

{[%evp 13,87,18,8,-13,-12,-4,12,0,0,0,0,0,0,0,0,9,14,-49,-41,-86,-71,-68,-58,-79,-78,-87,-82,-76,-68,-69,-51,-45,-41,-29,-54,-137,0,0,0,0,0,0,0,0,0,0,0,0,0,0,0,0,0,-58,0,0,0,0,0,0,0,0,0,0,1,8,10,0,0,0,0,0,0,0,0,0]} 1. Nf3 Nf6 2. c4 g6 3. b3 Bg7 4. Bb2 O-O 5. g3 b6 6. Bg2 Bb7 7. O-O e6 8. d3 {A15: English Opening: 1...Nf6} (8. d4 d5 9. Nbd2 Nbd7 10. Rc1 Re8 11. b4 a5 12. b5 a4 13. Ba3 Ne4 14. e3 f5 15. Qc2 dxc4 16. Nxc4 Bd5 {1-0 (59) Meier,G (2650)-Bortnyk,O (2610) Riadh 2017}) 8... d5 9. e3 Na6 $146 ({Predecessor:} 9... c5 10. Qe2 Re8 11. Ne5 {1-0 (33) Haring,F (2079)-Sandor,M (1746) Liptovsky Mikulas 2016}) 10. Qe2 Qe7 11. Nc3 Rfd8 12. Rfd1 c5 13. cxd5 exd5 14. d4 Ne4 15. Nxe4 (15. Nb5 $11) 15... dxe4 $15 16. Ne5 Bxe5 17. dxe5 Nb4 $1 18. Qg4 Nd3 19. Bc3 h5 20. Qh4 Qxh4 21. gxh4 b5 22. Ba5 $1 Rd7 23. Bh3 Rd5 24. Bc7 (24. Bg2 $15 Nxe5 25. Rxd5 Bxd5 26. Rd1) 24... Nxe5 ({Better is} 24... c4 $17 {Threatens to win with ...c3.} 25. bxc4 bxc4) 25. Bxe5 $11 Rxe5 26. Rd7 $36 {[%mdl 2048] Black is under pressure.} Bc6 27. Rc7 Be8 28. Rc1 Rd8 29. R1xc5 Rxc5 30. Rxc5 {[%mdl 4096] Endgame KRB-KRB} Rd1+ 31. Bf1 Bd7 {( -> ...Bh3)} 32. Kg2 a6 {[#] And now ...Bg4 would win.} 33. Rc2 (33. a4 $1 $11 {[%mdl 512]}) 33... Bg4 (33... Kf8 $15) 34. Be2 {The position is equal.} Bxe2 35. Rxe2 {KR-KR} Kg7 36. Rc2 Ra1 37. Kg3 Rg1+ 38. Kh3 $1 g5 39. hxg5 Rxg5 40. Rc6 Rg6 41. Rc5 Rf6 42. Kg2 h4 43. Rh5 Rg6+ 44. Kh3 {Accuracy: White = 53%, Black = 83%.} 1/2-1/2

[Event "45th Sitges Open 2019"]
[Site "Sitges"]
[Date "2019.07.24"]
[Round "3.7"]
[White "Valderrama Quiceno, Esteban Alb"]
[Black "Escobar Medina, Andres F"]
[Result "1/2-1/2"]
[WhiteElo "2423"]
[BlackElo "2296"]
[Annotator "NA"]
[PlyCount "49"]
[EventDate "2019.07.21"]
[EventType "swiss"]
[EventCountry "ESP"]
[SourceTitle "playchess.com"]
[Source "ChessBase"]
[SourceQuality "1"]
[TimeControl "40/5400+30:1800+30"]

1. c4 {[%emt 0:00:00]} Nf6 {[%emt 0:00:00]} 2. Nc3 {[%emt 0:00:41]} c5 {[%emt 0:00:04]} 3. g3 {[%emt 0:04:20]} g6 {[%emt 0:00:29]} 4. Bg2 {[%emt 0:00:15]} Bg7 {[%emt 0:00:04]} 5. e3 {[%emt 0:06:54]} O-O {[%emt 0:01:09]} 6. d4 {[%emt 0:01:42]} Nc6 {[%emt 0:00:19]} 7. Nge2 {[%emt 0:00:09]} d6 {[%emt 0:03:46]} 8. O-O {[%emt 0:00:45]} Bg4 {[%emt 0:00:38]} 9. h3 {[%emt 0:09:17]} cxd4 {[%emt 0:04:25]} 10. exd4 {[%emt 0:03:14]} Bxe2 {[%emt 0:00:54]} 11. Nxe2 {[%emt 0:00:07]} d5 {[%emt 0:00:09]} 12. cxd5 {[%emt 0:17:21]} Nxd5 {[%emt 0:00:17]} 13. Qb3 {[%emt 0:00:19]} Nb6 {[%emt 0:06:01]} 14. d5 {[%emt 0:03:13]} Na5 {[%emt 0:00:54]} 15. Qf3 {[%emt 0:03:14]} Nac4 {[%emt 0:05:21]} 16. Rb1 {[%emt 0:00:46]} Ne5 {[%emt 0:14:09]} 17. Qb3 {[%emt 0:03:30]} Qd7 {[%emt 0:07:11]} 18. Rd1 {[%emt 0:05:56]} Qf5 {[%emt 0:03:30]} 19. Bf4 {[%emt 0:06:31]} Nec4 {[%emt 0:04:26]} 20. Nc3 {[%emt 0:23:43]} Rac8 {[%emt 0:04:02]} 21. d6 {[%emt 0:02:02]} Nxd6 {[%emt 0:01:52]} 22. Bxd6 {[%emt 0:00:09]} exd6 {[%emt 0:00:02]} 23. Bxb7 {[%emt 0:01:50]} Rb8 {[%emt 0:00:18]} 24. Bg2 {[%emt 0:00:13]} d5 {[%emt 0:00:08]} 25. Nxd5 {[%emt 0:00:49]} 1/2-1/2

[Event "45th Sitges Open 2019"]
[Site "Sitges"]
[Date "2019.07.24"]
[Round "3.8"]
[White "Snehal, Bhosale"]
[Black "Perez Mitjans, Orelvis"]
[Result "0-1"]
[WhiteElo "2080"]
[BlackElo "2416"]
[Annotator "TA"]
[PlyCount "78"]
[EventDate "2019.07.21"]
[EventType "swiss"]
[EventCountry "ESP"]
[SourceTitle "playchess.com"]
[Source "ChessBase"]
[SourceQuality "1"]

{[%evp 14,78,43,36,32,27,81,43,83,37,54,37,63,56,96,43,49,21,71,64,66,68,72,73,79,76,67,34,33,28,33,38,41,22,34,35,54,34,31,15,16,16,15,-25,-28,-27,-24,-49,-40,-95,-95,-92,-91,-91,-84,-88,-93,-109,-115,-124,-86,-93,-93,-141,-145,-1052,-1052]} 1. d4 d5 2. c4 Nc6 3. Nc3 Nf6 4. Nf3 dxc4 5. e4 Bg4 6. Be3 e6 7. Bxc4 Bb4 8. Qd3 Bh5 {D07: Queen's Gambit: Chigorin Defence} 9. O-O Bg6 $146 (9... O-O $11) ({Predecessor:} 9... O-O 10. Ne2 Bg6 11. Ng3 Na5 12. Ne5 c5 13. dxc5 Qe7 14. c6 Nxc6 15. Nxc6 bxc6 16. Bg5 {1-0 (61) Wang,K (2449)-Vaishali,R (2329) Sitges 2018}) 10. Bg5 O-O {White is slightly better.} 11. Rfe1 Be7 12. a3 Nd7 13. Bf4 Bf6 14. Be3 ({Better is} 14. Rad1 $16) 14... Nb6 $14 15. Bb5 Nb8 16. Qe2 c6 17. Bd3 N8d7 18. Rac1 Re8 19. Red1 e5 20. dxe5 Nxe5 21. Nxe5 Bxe5 22. f4 Bd4 {next ...Bh5! is good for Black.} 23. e5 {[#] And now Bxg6 would win.} Bxe3+ 24. Qxe3 {aiming for Bxg6.} Qh4 25. Bxg6 hxg6 26. Rd4 Rad8 27. Rcd1 Rxd4 28. Qxd4 g5 $1 29. g3 Qg4 30. a4 gxf4 31. Qxf4 (31. a5 $15 Nd5 32. Nxd5 cxd5 33. Rf1) 31... Qe6 $17 32. Rd6 Qxe5 33. Qxe5 Rxe5 {[%mdl 4096] Endgame KRN-KRN} 34. Rd8+ Kh7 35. Rb8 Re7 36. Kf2 a5 37. b3 Kg6 38. Kf3 Nd7 39. Ne4 $2 {[%mdl 8192] [#]} (39. Ra8 $17) 39... Nxb8 {Accuracy: White = 48%, Black = 58%.} 0-1

[Event "45th Sitges Open 2019"]
[Site "Sitges"]
[Date "2019.07.25"]
[Round "4.1"]
[White "Munoz, Miguel"]
[Black "Baklan, Vladimir"]
[Result "1/2-1/2"]
[WhiteElo "2511"]
[BlackElo "2621"]
[Annotator "TA"]
[PlyCount "26"]
[EventDate "2019.07.21"]
[EventType "swiss"]
[EventCountry "ESP"]
[SourceTitle "playchess.com"]
[Source "ChessBase"]
[SourceQuality "1"]

{[%evp 9,26,0,10,9,16,16,20,21,12,0,0,0,0,0,0,0,0,0,4]} 1. e4 e6 2. d4 d5 3. Nd2 c5 4. exd5 Qxd5 5. dxc5 Nf6 {The position is equal.} 6. Ngf3 {C07: French Tarrasch: 3...c5, 4 Ngf3 and 4 exd5 Qxd5} Qxc5 7. Bd3 Nbd7 8. O-O Qc7 9. Qe2 (9. a4 Be7 10. a5 O-O 11. c3 b6 12. axb6 Nxb6 13. Nb3 {0-1 (54) Demchenko,A (2679)-Vitiugov,N (2719) St Petersburg 2018}) 9... Nc5 10. Bb5+ Bd7 11. Bxd7+ Ncxd7 12. Ne4 Be7 13. Bg5 $146 ({Predecessor:} 13. b3) 13... O-O 1/2-1/2

[Event "45th Sitges Open 2019"]
[Site "Sitges"]
[Date "2019.07.25"]
[Round "4.3"]
[White "Perez Mitjans, Orelvis"]
[Black "Valderrama Quiceno, Esteban Alb"]
[Result "1/2-1/2"]
[WhiteElo "2416"]
[BlackElo "2423"]
[Annotator "TA"]
[PlyCount "54"]
[EventDate "2019.07.21"]
[EventType "swiss"]
[EventCountry "ESP"]
[SourceTitle "playchess.com"]
[Source "ChessBase"]
[SourceQuality "1"]

{[%evp 17,54,54,65,57,66,75,85,80,70,60,156,139,134,121,141,157,144,148,142,150,144,143,143,81,93,105,199,112,99,37,56,16,24,8,55,0,0,0,0]} 1. e4 d6 2. d4 Nf6 3. f3 g6 4. Be3 Bg7 5. Qd2 c6 6. c4 O-O 7. Nc3 a6 8. O-O-O Qa5 9. Kb1 Re8 10. Bh6 {E81: King's Indian: Sämisch: 6th move deviations (including 6 Be3 c6)} Nbd7 11. h4 Bh8 12. g4 {White is better.} b5 13. h5 Nb6 $146 (13... e5 $1 $14) ({Predecessor:} 13... e5 14. d5 b4 15. Nce2 cxd5 16. cxd5 Nc5 17. Ng3 Rb8 {1-0 (29) Granados Gomez,M (2455)-Sorroche Martin,J (2270) Canovelles 1999}) 14. hxg6 fxg6 15. Qh2 $1 e5 16. dxe5 dxe5 17. Bg5 {Threatens to win with Bxf6.} Ra7 18. c5 Na4 19. Nxa4 Qxa4 20. b3 (20. Rd6 $142 $1 Be6 21. b3) 20... Qb4 {[#]} 21. Qc2 $1 Rd7 {[#]} (21... Nd7 $16 {was called for.}) 22. Bd3 ({White should play} 22. Bd2 $1 $18 {[%cal Rd2b4]} Qd4 23. Nh3) 22... Qa5 $16 23. Ne2 (23. Bd2 $16 Qd8 24. Be2) 23... Qc7 24. Ng3 Rf7 25. Be3 Nd7 26. Be2 (26. Qg2 $14) 26... Nf8 27. Rdg1 Bf6 {Accuracy: White = 56%, Black = 45%.} 1/2-1/2

[Event "45th Sitges Open 2019"]
[Site "Sitges"]
[Date "2019.07.25"]
[Round "4.4"]
[White "Pogorelov, Ruslan"]
[Black "Oliva Castaneda, Kevel"]
[Result "1/2-1/2"]
[WhiteElo "2347"]
[BlackElo "2467"]
[Annotator "TA"]
[PlyCount "138"]
[EventDate "2019.07.21"]
[EventType "swiss"]
[EventCountry "ESP"]
[SourceTitle "playchess.com"]
[Source "ChessBase"]
[SourceQuality "1"]

{[%evp 16,138,80,79,93,90,85,81,87,83,106,81,97,83,90,77,93,85,94,64,70,67,64,53,79,74,52,24,22,25,34,9,14,1,35,32,30,20,27,22,29,0,0,0,27,0,0,0,0,0,0,0,6,0,0,0,0,-7,0,0,0,0,0,-5,2,0,0,-11,0,0,0,0,0,0,2,0,2,2,2,2,2,2,2,2,2,2,58,2,2,2,58,58,58,58,58,64,68,0,2,0,0,0,0,0,0,0,0,0,0,0,0,0,0,0,0,0,0,0,0,0,0,0,0,0,0]} 1. d4 Nf6 2. c4 c5 3. d5 g6 4. Nc3 Bg7 5. e4 d6 6. Nf3 O-O 7. Be2 e5 8. Bg5 h6 9. Bd2 Na6 {E92: King's Indian: Classical: 6 Be2 e5: 7 dxe5, 7 Be3 and Petrosian System without 7...Nbd7} (9... Nh5 10. g3 Bh3 11. Qc2 Na6 12. a3 Nc7 13. Nh4 Nf4 14. Bf1 Bd7 15. O-O-O a6 16. Nf5 gxf5 17. gxf4 exf4 18. Bxf4 fxe4 19. Nxe4 {½-½ (77) Wojtaszek,R (2749)-Mamedov,R (2688) Tallinn 2016}) 10. a3 Nc7 $146 ({Predecessor:} 10... Nh5 11. Qc1 Kh7 12. h3 Qb6 13. g3 Qd8 14. g4 Nf6 15. g5 hxg5 16. Nxg5+ Kg8 17. h4 {1-0 (28) Le Duigou,J (2112)-Marcotulli,G (2279) IECC email 2001}) 11. b4 b6 {White is better.} 12. O-O Nfe8 13. g3 Kh7 14. Nh4 Nf6 15. Ng2 Qe7 16. Qc2 Bh3 17. Rab1 Nd7 18. Rfe1 f5 19. exf5 Bxf5 20. Ne4 Nf6 21. f3 Nxe4 22. fxe4 Bd7 23. bxc5 bxc5 24. Ba5 Na6 (24... Ne8 {seems wilder.} 25. Rb7 Nf6 26. Reb1 Rf7 27. Qd3 Qf8) 25. Rb7 Rfb8 ({Much worse is} 25... Qf7 $6 26. Rf1 $18) 26. Rxb8 Rxb8 27. Rb1 Qe8 28. Bd1 h5 29. Bd2 Bf6 30. Ne1 Rxb1 31. Qxb1 {Threatening Qb7.} Qb8 32. Qxb8 (32. Qc2 {looks sharper.} Nc7 33. Nd3 Ne8 34. Nf2 Bg7 35. Bg5) 32... Nxb8 33. Nf3 Kg7 34. Kg2 Bc8 35. a4 {[%cal Ba3a4,Ba4a5][%mdl 32]} Bd8 36. Kf2 Nd7 37. Bb3 Nb6 38. a5 Nd7 39. Ke3 g5 40. Kd3 g4 41. Nh4 (41. Ne1 {with more complications.} Nf6 42. Ba4 Kf7 43. Nc2 Nh7 44. Na3) 41... Bxh4 (41... Nf6 {looks sharper.} 42. Ba4 Kf8 43. Bc6 Nh7 44. Ng2 Ng5) 42. gxh4 $11 {[%mdl 4096] Endgame KBB-KBN} Nf8 43. Bg5 Kf7 44. Ba4 a6 45. Bc6 Ng6 46. Ke3 Nf8 47. Kf2 Ng6 48. Kg3 Nf8 $1 49. Bh6 Ng6 50. Ba4 Ne7 (50... Nf8 $1 $11) 51. Bd1 ({White should try} 51. Bg5 $14) 51... Ng8 52. Bg5 Kg6 (52... Nf6 $11 53. Bxf6 Kxf6) 53. Ba4 $1 $14 {[%cal Ra4e8] [#] Threatens to win with Be8+.} Kf7 $1 54. Kf2 Ne7 55. Bd1 $1 Ng8 56. Kg3 ({Better is} 56. h3 $1 $14 gxh3 57. Bxh5+ Kg7 58. Bf3) 56... Nf6 {The position is equal.} 57. Bxf6 Kxf6 $11 {KB-KB} 58. h3 gxh3 59. Bxh5 Bd7 60. Be2 Kg6 61. Bf1 Ba4 62. Bxh3 Bb3 63. Bf5+ Kh6 64. Bg4 Bxc4 65. Kf2 Kg6 66. Ke3 Bb5 67. Bf3 $1 Kh6 68. Bg4 Kg6 69. Bf3 Kh6 {Accuracy: White = 60%, Black = 64%.} 1/2-1/2

[Event "45th Sitges Open 2019"]
[Site "Sitges"]
[Date "2019.07.25"]
[Round "4.5"]
[White "Berdayes Ason, Dylan Isidro"]
[Black "Cu Hor, Winston Darwin"]
[Result "1-0"]
[WhiteElo "2461"]
[BlackElo "2335"]
[Annotator "TA"]
[PlyCount "83"]
[EventDate "2019.07.21"]
[EventType "swiss"]
[EventCountry "ESP"]
[SourceTitle "playchess.com"]
[Source "ChessBase"]
[SourceQuality "1"]

{[%evp 27,83,33,33,44,24,54,58,42,77,32,80,98,156,152,269,270,248,272,262,256,267,251,272,253,285,271,275,250,257,258,318,324,334,321,380,380,387,369,394,386,408,401,387,402,413,418,672,673,692,680,685,472,436,454,513,510,556,551]} 1. e4 c5 2. Nf3 d6 3. d4 Nf6 4. Nc3 cxd4 5. Nxd4 a6 6. Be3 Ng4 7. Bc1 Nf6 8. f3 e5 9. Nb3 Be7 10. Be3 O-O 11. Qd2 Be6 12. O-O-O a5 13. a4 Nc6 14. g4 Nb4 15. Kb1 {B90: Sicilian Najdorf: Unusual White 6th moves, 6 Be3 Ng4 and 6 Be3 e5} (15. g5 Nh5 16. Bb5 Rc8 17. Kb1 f5 18. gxf6 Nxf6 19. Rhg1 d5 20. Bh6 Rf7 21. Qg5 Ng4 22. Qh5 Nxh6 23. Qxh6 {1-0 (41) Yu,Y (2759)-Gao,R (2561) Tianjin 2018}) 15... Qc7 16. g5 Nh5 17. Rg1 {White is slightly better.} Rfc8 18. Qf2 {[#]} g6 $146 ({Predecessor:} 18... Qb8 19. Rd2 g6 20. h4 f5 21. gxf6 Bxf6 22. Qh2 Bf7 {0-1 (44) Vykouk,J (2419)-Vorobiov,E (2564) Pardubice 2018}) 19. Bb5 Qd8 ({Black should play} 19... Bf8) 20. Nc5 $16 Qc7 (20... Rxc5 $16 21. Bxc5 {[%mdl 64] Pin} Nf4) 21. Nxe6 $18 fxe6 22. Bb6 Qb8 23. Bd7 {[%mdl 64] [#] Double Attack} Nf4 24. Bxc8 Qxc8 25. Rg4 Ra6 26. Be3 Rc6 27. Bxf4 exf4 28. Qd2 Bf8 {If Black can now play ...Bg7 this consolidates a bit.} 29. Rc1 ({Avoid the trap} 29. Qxf4 $2 Rxc3 30. bxc3 Qxc3 $19) 29... Bg7 {[%cal Rg7c3]} 30. Nb5 (30. Rxf4 Bxc3 31. bxc3 Rb6 $16) 30... Qd7 31. Rxf4 ({Weaker is} 31. c3 Na6 $18) 31... e5 {Strongly threatening ...Qe6.} 32. Rg4 Qf7 {[%csl Gb4][%cal Rf7a2]} 33. b3 Qxf3 34. Rg3 Qxe4 35. Nxd6 {[%mdl 64] [#] Double Attack} Qf4 36. Rg2 Qf8 (36... Qd4 $142 37. Nxb7 Nd5) 37. Ne4 {White is clearly winning.} Rc8 38. Rf2 Qe7 39. Qd6 Qxd6 40. Nxd6 Rb8 41. Rd1 b6 42. Ne4 {Accuracy: White = 97%, Black = 37%.} 1-0

[Event "45th Sitges Open 2019"]
[Site "Sitges"]
[Date "2019.07.25"]
[Round "4.6"]
[White "Sturt, Raven"]
[Black "Mateus, Alejandro"]
[Result "1-0"]
[WhiteElo "2429"]
[BlackElo "2334"]
[Annotator "NA"]
[PlyCount "53"]
[EventDate "2019.07.21"]
[EventType "swiss"]
[EventCountry "ESP"]
[SourceTitle "playchess.com"]
[Source "ChessBase"]
[SourceQuality "1"]
[TimeControl "40/5400+30:1800+30"]

1. e4 {[%emt 0:00:00]} c5 {[%emt 0:00:00]} 2. Nf3 {[%emt 0:00:00]} d6 {[%emt 0:00:11]} 3. d4 {[%emt 0:00:00]} cxd4 {[%emt 0:00:13]} 4. Nxd4 {[%emt 0:00:00]} Nf6 {[%emt 0:00:13]} 5. Nc3 {[%emt 0:00:00]} a6 {[%emt 0:00:12]} 6. Bg5 {[%emt 0:00:00]} e6 {[%emt 0:00:45]} 7. f4 {[%emt 0:00:00]} h6 {[%emt 0:00:20]} 8. Bh4 {[%emt 0:01:37]} Qb6 {[%emt 0:02:15]} 9. Qd2 {[%emt 0:07:44]} Qxb2 {[%emt 0:02:04]} 10. Rb1 {[%emt 0:03:46]} Qa3 {[%emt 0:01:27]} 11. e5 {[%emt 0:02:32]} dxe5 {[%emt 0:11:28]} 12. fxe5 {[%emt 0:00:06]} Nfd7 {[%emt 0:04:48]} 13. Be2 {[%emt 0:09:08]} Be7 {[%emt 0:05:57]} 14. Bg3 {[%emt 0:03:50]} O-O {[%emt 0:14:23]} 15. O-O {[%emt 0:10:46]} Bg5 {[%emt 0:10:44]} 16. Qd3 {[%emt 0:01:43]} Nc5 {[%emt 0:00:25]} 17. Qf3 {[%emt 0:00:54]} Bd2 {[%emt 0:01:22]} 18. Nb3 {[%emt 0:13:10]} Nxb3 {[%emt 0:00:47]} 19. Ne4 {[%emt 0:00:33]} Nc6 {[%emt 0:19:38]} 20. Rxb3 {[%emt 0:04:14]} Qa5 {[%emt 0:00:26]} 21. Qg4 {[%emt 0:09:52]} Nxe5 {[%emt 0:11:29]} 22. Bxe5 {[%emt 0:00:16]} Qxe5 {[%emt 0:00:08]} 23. Nxd2 {[%emt 0:00:13]} f5 {[%emt 0:07:13]} 24. Qf3 {[%emt 0:01:35]} Qc5+ {[%emt 0:00:36]} 25. Kh1 {[%emt 0:01:13]} Qxc2 {[%emt 0:00:36]} 26. Nc4 {[%emt 0:00:13]} Rd8 {[%emt 0:03:18]} 27. Bd3 {[%emt 0:00:48]} 1-0